| 000 | 00852nam a2200325 a 4500 | ||
|---|---|---|---|
| 003 | AR-BaBNM | ||
| 005 | 20251128203831.0 | ||
| 008 | 082120s2002 ||||||||||||||000 | spa|| | ||
| 020 | _a950-520-073-0 | ||
| 040 | _cAR-BaBNM | ||
| 100 | 1 | _aLlambías, Jorge Joaquín | |
| 245 | 0 | 0 |
_aManual de derecho civil _bobligaciones |
| 250 | _a8ª ed. | ||
| 260 |
_aBuenos Aires _bPerrot _c1987 |
||
| 300 | _a751 p. | ||
| 500 | _aIndice p. 731-751 | ||
| 600 | 1 | 4 | _aVélez Sarsfield, Dalmacio |
| 650 | 4 | _aDERECHO CIVIL | |
| 650 | 4 | _aHISTORIA DEL DERECHO | |
| 650 | 4 | _aOBLIGACIONES | |
| 650 | 4 | _aDAÑOS Y PERJUICIOS | |
| 650 | 4 | _aDEUDAS | |
| 650 | 4 | _aJURISPRUDENCIA | |
| 650 | 4 | _aRESPONSABILIDAD LEGAL | |
| 650 | 4 | _aLEGISLACION ARGENTINA | |
| 700 | 1 | _aRaffo Benegas, Patricio | |
| 700 | 1 | _aSassot, Rafael A. | |
| 942 | _cBK | ||
| 998 | _cAndrea | ||
| 999 |
_c5099 _d5099 |
||